Tareekh-E-Falsafa (Record no. 504)

MARC details
000 -LEADER
fixed length control field 00553nam a2200229 a 4500
020 ## - INTERNATIONAL STANDARD BOOK NUMBER
ISBN
082 00 - DEWEY DECIMAL CLASSIFICATION NUMBER
Classification number 109
Author Cutter WEB
100 ## - MAIN ENTRY--AUTHOR NAME
Author name Weber, Alfred
245 ## - TITLE STATEMENT
Title Tareekh-E-Falsafa
260 ## - PUBLICATION, DISTRIBUTION, ETC. (IMPRINT)
Place of publication Hyderabad
Name of publisher Darut Taba Jamia Osmania sarkar aali
Year of publication 1928
300 ## - PHYSICAL DESCRIPTION
Number of Pages 534p
500 ## - GENERAL NOTE
General note includes index and biblioraphy
505 2# - FORMATTED CONTENTS NOTE
Formatted contents note reference
650 ## - SUBJECT ADDED ENTRY--TOPICAL TERM
Topical Term Philosophy-History
942 ## - ADDED ENTRY ELEMENTS (KOHA)
Koha item type Books
Holdings
Home library Current library Date acquired Cost, normal purchase price Full call number Accession Number Koha item type
Henry Martyn Institute Library Henry Martyn Institute Library 07/31/2007 100.00 109 WEB 4798 Archive Book
                   Copyright © 2026 | Henry Martyn Institute | Hyderabad | TS-500052 | INDIA | Implemented by hmi.edu.in
Hit-Count:

Powered by Koha